000 01100nam a2200337 a 4500
001 991029182929706706
003 ES-BaIT
005 20250526122931.0
008 100506s2010 sp | |||| 000 0 spa c
017 _aM. 4227-2010
020 _a9788479789381
035 _a(ES-BaCBU).b47821413
035 _a(OCoLC)804850826
040 _aES-BaCBU
_bcat
_cES-BaCBU
080 _a377.4.02
080 _a378.02
080 _a378(4-672 UE)
100 1 _aRubio Gil, Ángeles,
_d1976-
_9165822
245 1 0 _aFormación de formadores después de Bolonia /
_cÁngeles Rubio Gil, Almudena Álvarez Irarreta
260 _aMadrid :
_bDíaz de Santos,
_ccop. 2010
300 _aXVI, 324 p. ;
_c22 cm
500 _aInclou glossari
504 _aBibliografia
650 0 _aFormació ocupacional
_xEnsenyament
_2lemac
_9165823
650 0 _aEnsenyament universitari
_zUnió Europea, Països de la
_2lemac
_9165824
700 1 _aÁlvarez Irarreta, Almudena
_9165825
907 _a.b47821413
_b11-12-19
_c10-01-11
_d10-01-11
_em
_fa
_g-
_hspa
_isp
_j0
_k0
908 _aUdL
940 _aBNE
942 _2udc
_c1
999 _c136109
_d136109